000 00293nam a22001337a 4500
008 170904b xxu||||| |||| 00| 0 eng d
020 _a9781935030928
041 _aeng
080 _213TH
_a070
100 _a40
101 _aMED
245 _aCOMMUNICATION 101
_cDESANTIS,A
942 _2udc
_cBK
999 _c26055
_d26055